Psicología: (Registro nro. 9608)

Detalles MARC
000 -LEADER
fixed length control field 00986nam a2200205Ia 4500
005 - FECHA Y HORA DE LA ÚLTIMA TRANSACCIÓN
control field 20231004103933.0
008 - FIXED-LENGTH DATA ELEMENTS--GENERAL INFORMATION
fixed length control field 231003s9999 xx 000 0 und d
020 ## - INTERNATIONAL STANDARD BOOK NUMBER
International Standard Book Number 978-1-4562-6088-0
040 ## - CATALOGING SOURCE
Original cataloging agency UPAN
Transcribing agency Biblioteca San Vicente
Description conventions RCAA2
041 ## - LANGUAGE CODE
Language code of text/sound track or separate title spa
082 ## - DEWEY DECIMAL CLASSIFICATION NUMBER
Classification number 150
Item number F312p
año de publicación 2017
100 ## - MAIN ENTRY--PERSONAL NAME
Personal name Feldman, Robert S.
Relator code aut.
245 #0 - TITLE STATEMENT
Title Psicología:
Remainder of title Con aplicaciones de America Latina/
Statement of responsibility, etc Robert S. Feldman
250 ## - EDITION STATEMENT
Edition statement 12° ed.
260 ## - PUBLICATION, DISTRIBUTION, ETC. (IMPRINT)
Place of publication, distribution, etc México:
Name of publisher, distributor, etc McGraw Hill,
Date of publication, distribution, etc 2018
300 ## - PHYSICAL DESCRIPTION
Extent 632 p.;
Dimensions 27 cm.
505 ## - FORMATTED CONTENTS NOTE
Formatted contents note 1. Introducción a la psicología 2. Neurociencia y comportamiento 3. Sensación y percepción 4. Estados de conciencia 5. Aprendizaje 6. Memoria 7. Pensamiento, lenguaje e inteligencia 8. Motivación y emoción 9. Desarrollo 10. Personalidad 11. Psicología de la salud: estrés, afrontamiento y bienestar 12. Trastornos psicológicos 13. Tratamiento de los trastornos psicológicos 14. Psicología social
650 ## - SUBJECT ADDED ENTRY--TOPICAL TERM
Source of heading or term LEMB
General subdivision Psicología
942 ## - ADDED ENTRY ELEMENTS (KOHA)
Koha item type Libros
Source of classification or shelving scheme Dewey Decimal Classification
Existencias
Withdrawn status Lost status Source of classification or shelving scheme Damaged status Not for loan Collection code Home library Current library Date acquired Total Checkouts Full call number Barcode Date last seen Copy number Price effective from Koha item type
    Dewey Decimal Classification     Colección General Biblioteca UPAN San Vicente Biblioteca UPAN San Vicente 03/10/2023   150 F312p 12004084 03/10/2023 01 03/10/2023 Libros
    Dewey Decimal Classification     Colección General Biblioteca UPAN San Vicente Biblioteca UPAN San Vicente 04/10/2023   150 F312p 12004083 04/10/2023 02 04/10/2023 Libros
    Dewey Decimal Classification     Colección General Biblioteca UPAN San Vicente Biblioteca UPAN San Vicente 04/10/2023   150 F312p 12004082 04/10/2023 03 04/10/2023 Libros